Vision In ICT Education (Record no. 6070)

MARC details
000 -LEADER
fixed length control field 00249nam a22000977a 4500
008 - FIXED-LENGTH DATA ELEMENTS--GENERAL INFORMATION
fixed length control field 170210b xxu||||| |||| 00| 0 eng d
020 ## - INTERNATIONAL STANDARD BOOK NUMBER
International Standard Book Number 9788189932862
100 ## - MAIN ENTRY--PERSONAL NAME
9 (RLIN) 2849
Personal name Seth. C. K
245 ## - TITLE STATEMENT
Title Vision In ICT Education
260 ## - PUBLICATION, DISTRIBUTION, ETC. (IMPRINT)
Place of publication, distribution, etc. New Delhi
Name of publisher, distributor, etc. Prachi
Date of publication, distribution, etc. 2008
Holdings
Withdrawn status Lost status Source of classification or shelving scheme Damaged status Koha normalized classification for sorting Not for loan Home library Current library Shelving location Date acquired Total Checkouts Full call number Barcode Date last seen Price effective from Koha item type
    Dewey Decimal Classification   SET_004_000000000000000_D10   Good Samaritan School Library Good Samaritan School Library Computer Science 02/10/2017   SET004 D-10 SET7005 02/10/2017 02/10/2017 BOOK

Powered by Koha